Steve Carell - Roles by Picture - Statistics

General Stats
  • This quiz has been taken 36 times
  • The average score is 5 of 44
Answer Stats
Picture Answer % Correct
Gru
93%
Michael Scott
63%
Santa Claus
47%
Brick Tamland
33%
Evan Baxter
23%
Andy Stitzer
20%
Hammy
20%
Barry Speck
13%
Cal Weaver
13%
Donald Rumsfeld
13%
Dan Burns
10%
Mark Baum
10%
Maxwell Smart
10%
Mayor Ned McDodd
10%
Tesio
10%
Alan Strauss
7%
Ben Cooper
7%
Bobby Riggs
7%
Burt Wonderstone / Albert Weinselstein
7%
Dan Gillick
7%
David Sheff
7%
Dr. Frank Ginsberg
7%
Gen. Mark R. Naird
7%
Mark Hogancamp
7%
Mitch Kessler
7%
Trent Ramsey
7%
Yorgo Galfanikos
7%
Cap'n Hogie
3%
Dr. Bernard 'Bernie' Feld
3%
Edgar
3%
Gary Zimmer
3%
Jackson Pickett
3%
John du Pont
3%
Larry 'Doc' Shepherd
3%
Mail Room Guy without Glasses
3%
Mr. Delancey
3%
Mr. Weiland
3%
Ofc. Sherman Shriner
3%
Phil Foster
3%
Phil Stern
3%
Steven Goldstein
3%
Uncle Arthur
3%
Walt
3%
Dodge Petersen
0%
No matching quizzes found
Score Distribution
Percent of People with Each Score
Percentile by Number Answered
Your Score History
You have not taken this quiz